| 000 | 00454cam a2200157Ia 4500 | ||
|---|---|---|---|
| 020 | _a1853391948 | ||
| 020 | _a1853392081 | ||
| 040 | _cDJB | ||
| 082 | _aINTE CHA 1993 C278 Or. | ||
| 100 | 1 | _aChambers, Robert, | |
| 245 | 1 | 0 |
_aChallenging the professions : _bfrontiers for rural development / |
| 260 |
_aLondon : _bIntermediate Technology Publications, _c1993 |
||
| 300 |
_axvi, 143 p. : _bill. ; _c23 cm |
||
| 650 | 0 | _aRural development | |
| 942 | _cAEDBB | ||
| 999 |
_c21290 _d21290 |
||